000 00703nam a2200217Ia 4500
003 OSt
005 20241125160510.0
008 210716s1969 xx 000 0 und d
040 _cAIMIT LIBRARY
041 _aeng
082 _a808.83
_21
_bACHD
100 _aAcheson, Dean.
_9186485
245 _aPresent at the creation:
_bmy years in the state department /
_cBy Dean Acheson.
250 _a1st ed.
260 _aNew York :
_bNew American Library ;
_c1969.
300 _axvi, 1024p. ;
_bPB
_c17 cm.
650 _aPreparation for an unknown world
_9186486
650 _aEconomic warefare at home
_9186487
650 _aAllied policy toward geramny
_9186488
942 _2ddc
_cBK
_e1st ed.
_k808.83 ACHD
999 _c199986
_d199986